| Tag |
First Indicator |
Second Indicator |
Subfields |
| LEADER |
00000cam a22000008a 4500 |
| 001 |
in00000090297 |
| 005 |
20151008065701.0 |
| 008 |
800826s1980 nyua b 00110 engm |
| 010 |
|
|
|a 80021565
|
| 020 |
|
|
|a 0845116029
|
| 035 |
|
|
|a (OCoLC)06707675
|
| 035 |
|
|
|9 AAK6387AM
|
| 040 |
|
|
|a DLC
|c DLC
|d m.c.
|d CHS
|d TXA
|d UtOrBLW
|
| 049 |
|
|
|a TXAM
|c [1673577]
|
| 050 |
0 |
0 |
|a RC952.5
|b A52
|
| 082 |
0 |
|
|a 613.2/6
|2 19
|
| 096 |
|
|
|a WT 30 A326n 1980
|
| 100 |
1 |
|
|a Albanese, Anthony August,
|d 1908-
|
| 245 |
1 |
0 |
|a Nutrition for the elderly /
|c Anthony A. Albanese.
|
| 263 |
|
|
|a 8009
|
| 264 |
|
1 |
|a New York :
|b A.R. Liss,
|c [1980]
|
| 264 |
|
4 |
|c ©1980
|
| 300 |
|
|
|a ix, 332 pages :
|b illustrations ;
|c 24 cm.
|
| 336 |
|
|
|a text
|b txt
|2 rdacontent
|
| 337 |
|
|
|a unmediated
|b n
|2 rdamedia
|
| 338 |
|
|
|a volume
|b nc
|2 rdacarrier
|
| 490 |
1 |
|
|a Current topics in nutrition and disease ;
|v v. 3
|
| 504 |
|
|
|a Includes bibliographical references and index.
|
| 541 |
0 |
|
|a Donated by Dr. H.O. Kunkel, June 1998.
|
| 650 |
|
0 |
|a Geriatrics.
|
| 650 |
|
0 |
|a Older people
|x Nutrition.
|
| 650 |
|
0 |
|a Nutrition disorders.
|
| 650 |
|
2 |
|a Aged.
|
| 650 |
|
2 |
|a Geriatrics.
|
| 650 |
|
2 |
|a Nutritional Physiological Phenomena
|x In old age.
|
| 650 |
|
2 |
|a Nutrition Disorders.
|
| 830 |
|
0 |
|a Current topics in nutrition and disease ;
|v v. 3.
|
| 999 |
|
|
|a MARS
|
| 999 |
f |
f |
|s aaad49cd-446f-3318-bca7-2018dbee7733
|i 68dd4865-429d-3fad-84fa-f9b293ec979e
|t 0
|
| 952 |
f |
f |
|p ric
|a Texas A&M University
|b Rellis Campus
|c Joint Library Facility
|s JLF
|d Remote Storage
|t 0
|e RC952.5 .A52
|h Library of Congress classification
|i unmediated -- volume
|m A14823973952
|
| 998 |
f |
f |
|a RC952.5 .A52
|t 0
|l Remote Storage
|